|
|
|
|
| LEADER |
01021nam a22002537a 4500 |
| 001 |
AAL4437 |
| 003 |
BD-DhAAL |
| 005 |
20211028152433.0 |
| 008 |
160318s 2000bg a|||| b||| 001 0 ben d |
| 999 |
|
|
|c 37147
|d 37147
|
| 020 |
|
|
|a 9840740261
|
| 040 |
|
|
|a BD-DhAAL
|c BD-DhAAL
|
| 082 |
|
|
|a 891.44
|
| 100 |
|
|
|a ইসলাম, আজহার
|9 18598
|
| 245 |
|
|
|a প্রাচীন ও মধ্যযুগের বাংলা সাহিত্যের ইতিকথা /
|c আজহার ইসলাম
|
| 250 |
|
|
|a 1st ed.
|
| 260 |
|
|
|a ঢাকা :
|b বাংলা একাডেমী,
|c ২০০০
|
| 300 |
|
|
|a ৪৫৬ পৃ. ;
|c ২২ সে.মি.
|
| 504 |
|
|
|6 Includes bibliography and index
|
| 541 |
|
|
|e 4437
|
| 650 |
|
|
|a Bengali Literature
|9 18599
|
| 852 |
|
|
|a Savar Campus Library
|c General Stacks
|
| 942 |
|
|
|2 ddc
|c BK
|
| 952 |
|
|
|0 0
|1 0
|2 ddc
|4 0
|6 891_440000000000000_ISL
|7 0
|9 58416
|a SCL
|b SCL
|c GEN
|d 2016-03-18
|g 160.00
|l 2
|m 1
|o 891.44 ISL
|p 3020004437
|r 2025-07-03
|s 2025-02-12
|t 1
|w 2016-03-18
|y BK
|